Most Guessed English Counties - Statistics

General Stats
  • This quiz has been taken 20 times
  • The average score is 6 of 10
Answer Stats
Guessed (%) County % Correct
82 North Yorkshire
80%
87 Greater London
75%
82 City of London
70%
79 Cornwall
70%
70 Kent
70%
72 Devon
60%
74 Essex
60%
63 Oxfordshire
55%
70 Greater Manchester
45%
64 Norfolk
45%
No matching quizzes found
Score Distribution
Percent of People with Each Score
Percentile by Number Answered
Your Score History
You have not taken this quiz